Gwiazdy na flagach państw CZYTAJ OPIS - Statystyki

Ogólne statystyki
  • Ten quiz został rozwiązany 19 razy
    10 od ostatniego zresetowania
  • Średni wynik to 6 z 25
Statystyki odpowiedzi
Podpowiedź Odpowiedź % Poprawnych
50 gwiazd Stany Zjednoczone
100%
6 gwiazd Australia
63%
4 gwiazd Nowa Zelandia
50%
21 gwiazd Brazylia
38%
5 gwiazd Chiny
38%
10 gwiazd Republika Zielonego Przylądka
38%
5 gwiazd Wyspy Salomona
38%
4 gwiazd Gruzja
25%
4 gwiazd Mikronezja
25%
9 gwiazd Tuvalu
25%
12 gwiazd Unia Europejska
25%
9 gwiazd Bośnia i Hercegowina
13%
10 gwiazd Dominika
13%
5 gwiazd Papua-Nowa Gwinea
13%
5 gwiazd Samoa
13%
7 gwiazd Tadżykistan
13%
5 gwiazd Turkmenistan
13%
12 gwiazd Uzbekistan
13%
8 gwiazd Wenezuela
13%
7 gwiazd Grenada
0%
5 gwiazd Honduras
0%
4 gwiazd Komory
0%
6 gwiazd Kosowo
0%
5 gwiazd Singapur
0%
55 gwiazd Unia Afrykańska
0%
Nie znaleziono quizów pasujących do podanych kryteriów
Rozkład punktacji
Procent ludzi z każdym wynikiem
Percentyl według liczby udzielonych odpowiedzi
Twoja historia wyników
Nie rozwiązałeś tego quizu od ostatniego zresetowania